| 000 | 00685nam a2200205 4500 | ||
|---|---|---|---|
| 001 | 111335 | ||
| 003 | ES-MaACL | ||
| 005 | 20230906185302.0 | ||
| 007 | t| | ||
| 008 | 061121s1967 sp r ||||1| spa d | ||
| 100 | 1 |
_aNeilands, J. B. _985336 |
|
| 245 | 1 | 0 |
_aPrincipios de enzimología / _cJ. B. Neilands y Paul K. Stumpfs ; versión... de Carlos Villar Palasí... y Juan Villar Palasí. |
| 260 |
_aMadrid : _bAguilar, _c1967. |
||
| 300 |
_aXVI, 437 p., 3 lám. ; _c22 cm. |
||
| 650 | 4 |
_aEnzimología. _9150224 |
|
| 700 | 1 |
_aStumpf, Paul K. _9108503 |
|
| 700 | 1 |
_aVillar Palasí, Carlos. _9115096 |
|
| 700 | 1 |
_aVillar Palasí, Juan. _9115098 |
|
| 852 |
_aES-MaACL _jG-5581 _bR.65330 |
||
| 999 |
_c111335 _d111335 |
||